000 00383nam a2200145Ia 4500
008 230917s9999||||xx |||||||||||||| ||und||
040 _e197130
_aMAIN
041 _aEnglish
082 _a358.80954 S11S
100 _aGupta, Arvind, ed.
245 0 _aSpace security: Need for global convergence
260 _aNew Delhi
_bPentagon Press
_c2012
300 _axi, 173 p.
942 _cBK
999 _c169657
_d169657